Viajes planetarios en el siglo XII (Record no. 59386)

MARC details
000 -LEADER
campo de control de longitud fija 00759nam a2200217 i 4500
001 - NÚMERO DE CONTROL
campo de control 59386
003 - IDENTIFICADOR DE NÚMERO DE CONTROL
campo de control ES-MaACL
005 - FECHA Y HORA DE LA ÚLTIMA TRANSACCIÓN
campo de control 20230906164025.0
007 - CAMPO FIJO DE DESCRIPCIÓN FÍSICA--INFORMACIÓN GENERAL
campo de control de longitud fija t|
008 - DATOS DE LONGITUD FIJA--INFORMACIÓN GENERAL
campo de control de longitud fija 031028q1918 sp ||||1| spa d
100 1# - ENTRADA PRINCIPAL--NOMBRE DE PERSONA
Nombre de persona Elola, José de (
Fechas asociadas al nombre 1859-1933)
9 (RLIN) 47068
245 10 - MENCIÓN DEL TÍTULO
Título Viajes planetarios en el siglo XII
Resto del título : novela de aventuras /
Mención de responsabilidad, etc. por el Coronel Ignotus [seud.].
250 ## - MENCION DE EDICION
Mención de edición 3ª ed.
260 ## - PUBLICACIÓN, DISTRIBUCIÓN, ETC.
Lugar de publicación, distribución, etc. [S.l. :
Nombre del editor, distribuidor, etc. s.n.,
Fecha de publicación, distribución, etc. 1918?]
300 ## - DESCRIPCIÓN FÍSICA
Extensión 3 v. ;
Dimensiones 26 cm.
505 8# - NOTA DE CONTENIDO CON FORMATO
Nota de contenido con formato Contiene: V.I: Primera etapa: De los Andes al cielo. -- V.II: Segunda etapa: Del océano a Venus. -- V.III: Tercera etapa: El Mundo Venusiano
740 0# - ENTRADA AGREGADA--TÍTULO RELACIONADO/ANALÍTICO NO CONTROLADO
Título relacionado o analítico no controlado De los Andes al cielo.
740 0# - ENTRADA AGREGADA--TÍTULO RELACIONADO/ANALÍTICO NO CONTROLADO
Título relacionado o analítico no controlado Del océano a Venus.
740 3# - ENTRADA AGREGADA--TÍTULO RELACIONADO/ANALÍTICO NO CONTROLADO
Título relacionado o analítico no controlado El mundo venusiano.
852 ## - LOCALIZACIÓN
Ubicación ES-MaACL
Número de control de estantería 1698-F-3/5
Holdings
Estatus retirado Estado de pérdida Estado de daño No para préstamo Colección Biblioteca de origen Biblioteca actual Ubicación en estantería Fecha de adquisición Fuente de adquisición Total de préstamos Signatura topográfica completa Código de barras Visto por última vez Precio de reemplazo Tipo de ítem Koha
        Colección de folletos Biblioteca del Ateneo de Madrid Biblioteca del Ateneo de Madrid Depósito folletos 17/01/2008     1698-F-3/5 1062290 23/02/2023 23/02/2023 Folleto